Estadísticas para WWE Champions

Haz click aquí para intentar la prueba.

Estadísticas generales

  • Esta prueba ha sido intentada 186 veces
  • La puntuación promedio es 28 de 54

Estadísticas de respuestas

HintRespuesta% Correcto
2005John Cena
92%
1999Triple H
90%
2007Randy Orton
88%
1991The Undertaker
88%
2021Big E
81%
1984Hulk Hogan
76%
2015Roman Reigns
75%
2015Seth Rollins
75%
2002Brock Lesnar
74%
1998The Rock
72%
1998Kane
70%
1996Shawn Michaels
69%
2006Edge
68%
2016Dean Ambrose
67%
2009Batista
64%
2011CM Punk
64%
2013Daniel Bryan
61%
2019Kofi Kingston
60%
1998´´Stone Cold´´ Steve Austin
59%
2011Rey Mysterio
58%
2016AJ Styles
57%
1999Big Show
57%
1992Ric Flair
56%
2010The Miz
56%
2004Eddie Guerrero
54%
1992Bret Hart
53%
2020Drew Mcintyre
53%
2017Bray Wyatt
52%
2009Sheamus
52%
2011Alberto del Rio
51%
1988André The Giant
49%
2001Chris Jericho
49%
2008Jeff Hardy
48%
2021Bobby Lashley
46%
1963Bruno Sammartino
46%
1990The Ultimate Warrior
44%
1988Randy Savage
43%
2004JBL
40%
1993Yokozuna
40%
2017Jinder Mahal
38%
2000Kurt Angle
37%
1999Mr. Mcmahon
36%
1998Mankind
35%
1994Diesel
32%
2006Rob Van Dam
26%
1991Sgt. Slaughter
26%
1983The Iron Sheik
24%
1978Bob Backlund
22%
1971Pedro Morales
22%
1996Sycho SId
19%
1963Buddy Rogers
17%
1971Ivan Koloff
15%
1977Billy Graham
11%
1973Stan Stasiak
11%

Distribución de puntuación

Porcentaje por número respondido

Porcentaje de gente con cada puntuación

Historial de tus puntuaciones

No has intentado esta prueba.